|
|
|
|
| LEADER |
00966pam a22002898a 4500 |
| 001 |
00046546 |
| 008 |
210324s2015####-vm#################vie|d |
| 005 |
20210324080346.0 |
| 020 |
# |
# |
|c 0
|
| 041 |
0 |
# |
|a vie
|
| 082 |
0 |
4 |
|a 338.709 597
|b Ô454Đ
|
| 100 |
1 |
# |
|a Đặng, Đức Thành
|
| 245 |
1 |
0 |
|a Ổn định kinh tế vĩ mô dưới góc nhìn doanh nghiệp
|c Đặng Đức Thành
|
| 260 |
# |
# |
|a Hà Nội
|b Chính trị quốc gia
|c 2011
|
| 300 |
# |
# |
|a 172tr.
|b bảng, biểu đồ
|c 23cm
|
| 490 |
# |
# |
|a Bộ sách Cẩm nang dành cho CEO
|v T.1
|
| 653 |
# |
# |
|a Công ty
|
| 653 |
# |
# |
|a Việt Nam
|
| 653 |
# |
# |
|a Thành công
|
| 653 |
# |
# |
|a Kinh tế vĩ mô
|
| 653 |
# |
# |
|a Doanh nghiệp
|
| 653 |
# |
# |
|a Góc nhìn
|
| 852 |
# |
# |
|j KD.0027923
|
| 920 |
|
|
|a Đặng Đức Thành
|
| 930 |
|
|
|a 348992
|b 27/08/2015
|
| 941 |
|
|
|b XH
|
| 980 |
# |
# |
|a Trung tâm Học liệu Lê Vũ Hùng, Trường Đại học Đồng Tháp
|